[Event "Titled Tuesday intern op 21st Dec"]
[Site "Chess.com INT"]
[Date "2021.12.21"]
[Round "1"]
[White "Gabrielian, Artur"]
[Black "Juhasz, Agoston"]
[Result "1-0"]
[WhiteElo "2464"]
[BlackElo "2378"]
[PlyCount "91"]
[EventDate "2021.12.21"]
[EventType "swiss (blitz)"]
[EventRounds "11"]
[EventCountry "USA"]
[SourceTitle "CBM 205 Extra"]
[Source "ChessBase"]
[SourceDate "2022.01.31"]
[SourceVersion "1"]
[SourceVersionDate "2022.01.31"]
[SourceQuality "1"]

1. e4 e5 2. Nc3 Nf6 3. g3 Bc5 4. Bg2 O-O 5. Nge2 d6 6. d3 c6 7. O-O Re8 8. Na4 Bb4 9. Nac3 d5 10. Bg5 d4 11. Nb1 h6 12. Bc1 Bd6 13. Nd2 c5 14. Nc4 Bc7 15. a4 Nc6 16. h3 Rb8 17. f4 a6 18. a5 Be6 19. Nxe5 Nxe5 20. fxe5 Bxe5 21. Bf4 Nd7 22. Qd2 Qc7 23. Bxe5 Nxe5 24. Nf4 c4 25. Rf2 cxd3 26. cxd3 Rbc8 27. Raf1 Bb3 28. Nh5 Qe7 29. Nf4 Rc2 30. Qe1 Rec8 31. Rxc2 Rxc2 32. Rf2 Qc5 33. Rxc2 Qxc2 34. Qf2 Nxd3 35. Qxd4 Ne1 36. Bh1 Qc1 37. Kh2 Qc2+ 38. Kg1 Bc4 39. Nh5 f6 40. Qd8+ Kh7 41. Qe7 Nf3+ 42. Bxf3 Qc1+ 43. Kh2 Qxb2+ 44. Bg2 f5 45. e5 Bf1 46. Qxg7# 1-0

[Event "Titled Tuesday intern op 21st Dec"]
[Site "Chess.com INT"]
[Date "2021.12.21"]
[Round "1"]
[White "Glavina, Pablo"]
[Black "Selkirk, Rebecca"]
[Result "1-0"]
[WhiteElo "2397"]
[BlackElo "1799"]
[PlyCount "59"]
[EventDate "2021.12.21"]
[EventType "swiss (blitz)"]
[EventRounds "11"]
[EventCountry "USA"]
[SourceTitle "CBM 205 Extra"]
[Source "ChessBase"]
[SourceDate "2022.01.31"]
[SourceVersion "1"]
[SourceVersionDate "2022.01.31"]
[SourceQuality "1"]

1. Nf3 Nf6 2. g3 g6 3. b3 Bg7 4. Bb2 O-O 5. Bg2 c6 6. O-O d5 7. c4 Bg4 8. Ne1 e6 9. d3 d4 10. h3 Bf5 11. g4 Bxg4 12. hxg4 Nxg4 13. Nd2 Nd7 14. Nef3 Nde5 15. Nxe5 Bxe5 16. Nf3 Bc7 17. Qd2 e5 18. Qg5 Qxg5 19. Nxg5 f6 20. Nf3 Nh6 21. b4 Nf7 22. a4 Nd6 23. b5 cxb5 24. axb5 b6 25. Nd2 Rae8 26. Rxa7 Bb8 27. Ra6 Bc7 28. Ba3 Rb8 29. Ne4 Nxe4 30. Bxf8 1-0

[Event "Titled Tuesday intern op 21st Dec"]
[Site "Chess.com INT"]
[Date "2021.12.21"]
[Round "1"]
[White "Goltsev, Dmitry"]
[Black "Gasimov, Parviz"]
[Result "1-0"]
[WhiteElo "2215"]
[BlackElo "2359"]
[PlyCount "59"]
[EventDate "2021.12.21"]
[EventType "swiss (blitz)"]
[EventRounds "11"]
[EventCountry "USA"]
[SourceTitle "CBM 205 Extra"]
[Source "ChessBase"]
[SourceDate "2022.01.31"]
[SourceVersion "1"]
[SourceVersionDate "2022.01.31"]
[SourceQuality "1"]

1. e4 e6 2. Nf3 d5 3. exd5 exd5 4. d4 Bd6 5. Bd3 Nf6 6. O-O O-O 7. c4 dxc4 8. Bxc4 Bg4 9. h3 Bh5 10. Nc3 Nc6 11. Bg5 Nxd4 12. Qxd4 Bxf3 13. Bxf6 gxf6 14. Qh4 Bc6 15. Bd3 Bh2+ 16. Kxh2 Qxd3 17. Rad1 Qf5 18. Rd4 Rad8 19. Rf4 Qe5 20. Kh1 Kh8 21. Qh6 Qg5 22. Qxf6+ Qxf6 23. Rxf6 Rd2 24. Re1 Rg8 25. Ne4 Rxb2 26. Rxf7 Re8 27. f3 Rxa2 28. Rxc7 a5 29. Nf6 Rxe1+ 30. Kh2 1-0

[Event "Titled Tuesday intern op 21st Dec"]
[Site "Chess.com INT"]
[Date "2021.12.21"]
[Round "1"]
[White "Goryachkina, Aleksandra"]
[Black "Ladan, Nicholas John"]
[Result "1-0"]
[WhiteElo "2610"]
[BlackElo "2128"]
[PlyCount "121"]
[EventDate "2021.12.21"]
[EventType "swiss (blitz)"]
[EventRounds "11"]
[EventCountry "USA"]
[SourceTitle "CBM 205 Extra"]
[Source "ChessBase"]
[SourceDate "2022.01.31"]
[SourceVersion "1"]
[SourceVersionDate "2022.01.31"]
[SourceQuality "1"]

1. e4 e5 2. Nf3 Nc6 3. d4 exd4 4. Nxd4 Bc5 5. Nb3 Bb6 6. Nc3 Nge7 7. Qe2 O-O 8. Be3 f5 9. O-O-O f4 10. Bxb6 axb6 11. h4 d6 12. Kb1 Be6 13. Nd5 Ne5 14. Qd2 Nxd5 15. exd5 Bd7 16. Bd3 Nxd3 17. Qxd3 Qf6 18. Nd4 Rfe8 19. h5 Re5 20. Nf3 Re7 21. h6 g6 22. Rhe1 Rae8 23. a3 b5 24. Rxe7 Rxe7 25. Kc1 g5 26. Qd4 Qxd4 27. Rxd4 Re5 28. Kd2 Rf5 29. b3 g4 30. Ne1 Kf7 31. Nd3 Kg6 32. Nxf4+ Kxh6 33. g3 Kg5 34. Re4 Re5 35. Rxe5+ dxe5 36. Nd3 Kf5 37. Nc5 Bc8 38. c4 bxc4 39. bxc4 b6 40. Nd3 h5 41. Ke3 Ba6 42. Nb2 b5 43. c5 Bb7 44. c6 Bc8 45. Nd3 e4 46. Nc5 Ke5 47. Nxe4 Kxd5 48. Nf6+ Kxc6 49. Nxh5 Kc5 50. Nf6 Kc4 51. Ne8 c5 52. Nd6+ Kb3 53. Nxc8 c4 54. Nd6 Ka4 55. Kd4 Kxa3 56. Nxb5+ Kb2 57. Kxc4 Kc2 58. Kd4 Kd2 59. Ke4 Ke2 60. Kf4 Kxf2 61. Kxg4 1-0

[Event "Titled Tuesday intern op 21st Dec"]
[Site "Chess.com INT"]
[Date "2021.12.21"]
[Round "1"]
[White "Gritsenko, Nikolai"]
[Black "Meissner, Felix"]
[Result "0-1"]
[WhiteElo "2309"]
[BlackElo "2381"]
[PlyCount "80"]
[EventDate "2021.12.21"]
[EventType "swiss (blitz)"]
[EventRounds "11"]
[EventCountry "USA"]
[SourceTitle "CBM 205 Extra"]
[Source "ChessBase"]
[SourceDate "2022.01.31"]
[SourceVersion "1"]
[SourceVersionDate "2022.01.31"]
[SourceQuality "1"]

1. d4 g6 2. e4 c6 3. Nf3 d5 4. Nc3 dxe4 5. Nxe4 Nf6 6. Nxf6+ exf6 7. Bc4 Bg7 8. O-O O-O 9. h3 a5 10. a4 Na6 11. c3 Nc7 12. Bf4 Nd5 13. Bh2 Be6 14. Qd3 Qd7 15. Rfe1 Rfe8 16. Re2 Bh6 17. Rae1 Re7 18. Nd2 f5 19. Nf3 f6 20. Bxd5 cxd5 21. Qb5 Qxb5 22. axb5 Kf7 23. Bd6 Ree8 24. b6 a4 25. Nd2 Rad8 26. Bc5 Bf4 27. b4 Ra8 28. Nb1 a3 29. Ra2 Bd7 30. Rxe8 Rxe8 31. g3 Re1+ 32. Kg2 Rxb1 33. gxf4 Rb3 34. b5 Bxb5 35. Rxa3 Rb1 36. Ra8 g5 37. Rf8+ Kg6 38. Rb8 Bf1+ 39. Kg3 Ba6 40. Rd8 Rc1 0-1

[Event "Titled Tuesday intern op 21st Dec"]
[Site "Chess.com INT"]
[Date "2021.12.21"]
[Round "1"]
[White "Hartikainen, Jarmo"]
[Black "Tasev, Dejan"]
[Result "0-1"]
[WhiteElo "2133"]
[BlackElo "2272"]
[PlyCount "58"]
[EventDate "2021.12.21"]
[EventType "swiss (blitz)"]
[EventRounds "11"]
[EventCountry "USA"]
[SourceTitle "CBM 205 Extra"]
[Source "ChessBase"]
[SourceDate "2022.01.31"]
[SourceVersion "1"]
[SourceVersionDate "2022.01.31"]
[SourceQuality "1"]

1. e4 c6 2. d4 d5 3. Nd2 dxe4 4. Nxe4 Bf5 5. Ng3 Bg6 6. h4 h6 7. Bc4 Nf6 8. N1e2 Nbd7 9. Nf4 Bh7 10. O-O Nb6 11. Bb3 Nbd5 12. c4 Nxf4 13. Bxf4 e6 14. Re1 Be7 15. d5 O-O 16. dxe6 fxe6 17. Rxe6 Bc5 18. Qxd8 Raxd8 19. Rae1 Ng4 20. Be3 Nxe3 21. fxe3 Kf7 22. Re5 b6 23. Rf1+ Kg8 24. Rxf8+ Kxf8 25. Nf5 Kf7 26. Nd4 Rd6 27. g4 Rxd4 28. Rf5+ Bxf5 29. gxf5 Rg4+ 0-1

[Event "Titled Tuesday intern op 21st Dec"]
[Site "Chess.com INT"]
[Date "2021.12.21"]
[Round "1"]
[White "Hoffmann, Asa"]
[Black "Jaracz, Pawel"]
[Result "0-1"]
[WhiteElo "2185"]
[BlackElo "2460"]
[PlyCount "74"]
[EventDate "2021.12.21"]
[EventType "swiss (blitz)"]
[EventRounds "11"]
[EventCountry "USA"]
[SourceTitle "CBM 205 Extra"]
[Source "ChessBase"]
[SourceDate "2022.01.31"]
[SourceVersion "1"]
[SourceVersionDate "2022.01.31"]
[SourceQuality "1"]

1. d4 Nf6 2. Bg5 Ne4 3. Bf4 c5 4. f3 Nf6 5. dxc5 Qa5+ 6. Nc3 Qxc5 7. e4 d6 8. Qd2 Nc6 9. Nb5 Qb6 10. Be3 Qd8 11. c4 g6 12. O-O-O a6 13. Nc3 Bg7 14. Nge2 O-O 15. Bh6 b5 16. h4 Ne5 17. Bxg7 Kxg7 18. Nf4 bxc4 19. h5 g5 20. h6+ Kh8 21. Nfd5 Nxd5 22. exd5 f6 23. Be2 Rb8 24. g3 Bf5 25. f4 gxf4 26. Qxf4 Bg6 27. Rd2 Qa5 28. Qd4 Rb4 29. g4 Nd3+ 30. Bxd3 cxd3 31. Qe3 Qc7 32. Re1 Rfb8 33. Qxe7 Qxc3+ 34. Kd1 R4b7 35. Qg7+ Rxg7 36. hxg7+ Kg8 37. bxc3 Rb1# 0-1

[Event "Titled Tuesday intern op 21st Dec"]
[Site "Chess.com INT"]
[Date "2021.12.21"]
[Round "1"]
[White "Horvath, Dominik"]
[Black "Serikbay, Assel"]
[Result "1-0"]
[WhiteElo "2478"]
[BlackElo "2263"]
[PlyCount "101"]
[EventDate "2021.12.21"]
[EventType "swiss (blitz)"]
[EventRounds "11"]
[EventCountry "USA"]
[SourceTitle "CBM 205 Extra"]
[Source "ChessBase"]
[SourceDate "2022.01.31"]
[SourceVersion "1"]
[SourceVersionDate "2022.01.31"]
[SourceQuality "1"]

1. c4 e5 2. Nc3 Nf6 3. Nf3 Nc6 4. e4 Bb4 5. d3 d6 6. a3 Bxc3+ 7. bxc3 O-O 8. g3 Bg4 9. Bg2 Ne7 10. O-O c6 11. h3 Bxf3 12. Bxf3 d5 13. cxd5 cxd5 14. Bg5 dxe4 15. dxe4 Qc7 16. Bxf6 gxf6 17. Qd2 Rad8 18. Qe3 b6 19. Rfd1 Qc5 20. Qxc5 bxc5 21. Be2 f5 22. exf5 Nxf5 23. Rab1 Nd6 24. Bd3 e4 25. Ba6 Nf5 26. g4 Nh4 27. Bb7 Nf3+ 28. Kg2 Nd2 29. Rb5 e3 30. fxe3 Nc4 31. Rxd8 Rxd8 32. Rxc5 Nxe3+ 33. Kf3 Nd1 34. c4 Rd3+ 35. Kf4 Rxh3 36. Bf3 Nf2 37. Rc8+ Kg7 38. c5 Nd3+ 39. Ke4 Ne1 40. Be2 Rxa3 41. c6 Rc3 42. Kd4 Rc1 43. c7 Nc2+ 44. Kd5 Nb4+ 45. Kd6 Rc6+ 46. Kd7 Rc2 47. Bb5 Nd5 48. Kd6 Nb6 49. Rb8 Rd2+ 50. Kc6 Rc2+ 51. Kb7 1-0

[Event "Titled Tuesday intern op 21st Dec"]
[Site "Chess.com INT"]
[Date "2021.12.21"]
[Round "1"]
[White "Ianov, Viktor"]
[Black "Tzoumbas, Anastasios"]
[Result "1-0"]
[WhiteElo "2279"]
[BlackElo "2287"]
[PlyCount "103"]
[EventDate "2021.12.21"]
[EventType "swiss (blitz)"]
[EventRounds "11"]
[EventCountry "USA"]
[SourceTitle "CBM 205 Extra"]
[Source "ChessBase"]
[SourceDate "2022.01.31"]
[SourceVersion "1"]
[SourceVersionDate "2022.01.31"]
[SourceQuality "1"]

1. Nf3 Nf6 2. g3 c5 3. Bg2 Nc6 4. O-O e6 5. c4 Be7 6. Nc3 O-O 7. d4 cxd4 8. Nxd4 a6 9. Nb3 Qc7 10. Bf4 d6 11. c5 e5 12. cxd6 Bxd6 13. Bg5 Be6 14. Bxf6 gxf6 15. Nd5 Bxd5 16. Bxd5 Rad8 17. e3 Nb4 18. Qg4+ Kh8 19. Be4 Rg8 20. Qh4 Rg7 21. Qxf6 Be7 22. Qf5 Nc6 23. Rac1 Qc8 24. Nc5 Qxf5 25. Bxf5 Bxc5 26. Rxc5 Rd2 27. Rc2 Rd6 28. Be4 Nd8 29. Rc8 Rg8 30. Rfc1 Rf8 31. Bxb7 Rb6 32. Bd5 Rxb2 33. Bb3 Rd2 34. Kg2 Rd6 35. R1c7 f5 36. Re7 e4 37. Rcc7 Rh6 38. h4 Nc6 39. Re6 Rxe6 40. Bxe6 Nb4 41. a3 Nd3 42. f4 exf3+ 43. Kxf3 Ne5+ 44. Kf4 Ng6+ 45. Kg5 Re8 46. Kf6 Nf8 47. Bxf5 Rxe3 48. Rc8 Kg8 49. g4 Rf3 50. g5 Rxa3 51. Be6+ Kh8 52. Rxf8# 1-0

[Event "Titled Tuesday intern op 21st Dec"]
[Site "Chess.com INT"]
[Date "2021.12.21"]
[Round "1"]
[White "Izoria, Zviad"]
[Black "Zirkelbach, Maj"]
[Result "1-0"]
[WhiteElo "2602"]
[BlackElo "2295"]
[PlyCount "121"]
[EventDate "2021.12.21"]
[EventType "swiss (blitz)"]
[EventRounds "11"]
[EventCountry "USA"]
[SourceTitle "CBM 205 Extra"]
[Source "ChessBase"]
[SourceDate "2022.01.31"]
[SourceVersion "1"]
[SourceVersionDate "2022.01.31"]
[SourceQuality "1"]

1. Nf3 Nf6 2. c4 e6 3. Nc3 d5 4. d4 c6 5. Bg5 Nbd7 6. cxd5 exd5 7. e3 Bb4 8. Bd3 Qa5 9. Qc2 O-O 10. O-O Re8 11. Bh4 Bxc3 12. bxc3 Ne4 13. c4 Ndf6 14. Ne5 Nd2 15. Bxf6 gxf6 16. Bxh7+ Kf8 17. Nxf7 Kxf7 18. Qg6+ Ke7 19. Qg7+ Kd8 20. Qxf6+ Re7 21. Bg6 Bd7 22. cxd5 Qxd5 23. Rfc1 Ne4 24. Qf8+ Be8 25. Rab1 Rb8 26. Qf4 Qd6 27. Qxd6+ Nxd6 28. Bd3 b6 29. Re1 Kc7 30. e4 Bf7 31. a4 Nc4 32. Rbc1 Na5 33. f4 Rd8 34. d5 Kb7 35. dxc6+ Nxc6 36. Be2 Nd4 37. Bd1 Nb3 38. Rc3 Nc5 39. Bf3 Rd4 40. e5+ Ka6 41. f5 Bc4 42. f6 Re8 43. Rce3 Ka5 44. g4 Kxa4 45. g5 Kb4 46. Kg2 Nd3 47. Rb1+ Kc3 48. Kg3 Rxe5 49. Rxe5 Nxe5 50. Bh5 Rd3+ 51. Kf4 Kd4 52. Re1 Nc6 53. f7 Bxf7 54. Bxf7 b5 55. g6 Rd2 56. g7 Rg2 57. g8=Q Rxg8 58. Bxg8 b4 59. Rd1+ Kc3 60. Rc1+ Kd2 61. Rxc6 1-0

[Event "Titled Tuesday intern op 21st Dec"]
[Site "Chess.com INT"]
[Date "2021.12.21"]
[Round "1"]
[White "Jarocka, Liwia"]
[Black "Khegay, Dmitriy"]
[Result "1-0"]
[WhiteElo "2006"]
[BlackElo "2527"]
[PlyCount "71"]
[EventDate "2021.12.21"]
[EventType "swiss (blitz)"]
[EventRounds "11"]
[EventCountry "USA"]
[SourceTitle "CBM 205 Extra"]
[Source "ChessBase"]
[SourceDate "2022.01.31"]
[SourceVersion "1"]
[SourceVersionDate "2022.01.31"]
[SourceQuality "1"]

1. d4 Nc6 2. d5 Ne5 3. e4 e6 4. Be2 Nf6 5. b3 Nxe4 6. Bb2 d6 7. Nf3 Nxf3+ 8. Bxf3 Nf6 9. O-O e5 10. c4 Be7 11. Nc3 O-O 12. Re1 Bd7 13. Rc1 Re8 14. Qc2 Bf8 15. Ne4 Nxe4 16. Bxe4 g6 17. g3 a5 18. c5 dxc5 19. f4 Bg7 20. fxe5 Rxe5 21. Bxe5 Bxe5 22. Kh1 Bd4 23. Bg2 Qg5 24. Rcd1 Re8 25. Rxe8+ Bxe8 26. Qe2 Bd7 27. Re1 Kg7 28. Qe7 Qd2 29. Rf1 Bf5 30. Qxc7 h5 31. Qxb7 Qe2 32. d6 h4 33. Qf3 Qd2 34. d7 Bf6 35. g4 h3 36. Bxh3 1-0

[Event "Titled Tuesday intern op 21st Dec"]
[Site "Chess.com INT"]
[Date "2021.12.21"]
[Round "1"]
[White "Jodorcovsky Werjivker, Paulo"]
[Black "Krivonosov, Oleg"]
[Result "0-1"]
[WhiteElo "2213"]
[BlackElo "2362"]
[PlyCount "62"]
[EventDate "2021.12.21"]
[EventType "swiss (blitz)"]
[EventRounds "11"]
[EventCountry "USA"]
[SourceTitle "CBM 205 Extra"]
[Source "ChessBase"]
[SourceDate "2022.01.31"]
[SourceVersion "1"]
[SourceVersionDate "2022.01.31"]
[SourceQuality "1"]

1. d4 d5 2. c4 e6 3. Nc3 Be7 4. Nf3 Nf6 5. cxd5 exd5 6. Bg5 c6 7. Qc2 g6 8. e3 Bf5 9. Bd3 Bxd3 10. Qxd3 Nbd7 11. O-O O-O 12. Rab1 a5 13. a3 Re8 14. b4 axb4 15. axb4 b5 16. Rfc1 Ne4 17. Bf4 Bd6 18. Bxd6 Nxd6 19. Re1 Nc4 20. e4 dxe4 21. Nxe4 Nf6 22. Nxf6+ Qxf6 23. d5 Rxe1+ 24. Rxe1 Rd8 25. Nd4 Rxd5 26. Re4 Kg7 27. h4 h5 28. Qc3 Nd6 29. Qxc6 Rxd4 30. Re2 Rd1+ 31. Kh2 Qxh4# 0-1

[Event "Titled Tuesday intern op 21st Dec"]
[Site "Chess.com INT"]
[Date "2021.12.21"]
[Round "1"]
[White "Kaganskiy, Gleb"]
[Black "Nozdrachev, Leonid"]
[Result "1-0"]
[WhiteElo "2251"]
[BlackElo "2370"]
[PlyCount "125"]
[EventDate "2021.12.21"]
[EventType "swiss (blitz)"]
[EventRounds "11"]
[EventCountry "USA"]
[SourceTitle "CBM 205 Extra"]
[Source "ChessBase"]
[SourceDate "2022.01.31"]
[SourceVersion "1"]
[SourceVersionDate "2022.01.31"]
[SourceQuality "1"]

1. e4 d6 2. d4 Nf6 3. Nc3 e5 4. dxe5 dxe5 5. Qxd8+ Kxd8 6. Bc4 Be6 7. Bxe6 fxe6 8. f3 Bb4 9. Nge2 Ke7 10. Bd2 Nc6 11. a3 Ba5 12. O-O-O h6 13. Kb1 Rad8 14. Nc1 Ne8 15. Nd3 Nd6 16. b3 Rhf8 17. Kb2 Bb6 18. h4 Bd4 19. Kb1 a6 20. Ne2 Nb5 21. Nxd4 exd4 22. Nc5 Nxa3+ 23. Kb2 Nb5 24. Nxb7 Ra8 25. Na5 Nxa5 26. Bxa5 c5 27. h5 Kd7 28. Rh4 Kc6 29. Rg4 Rf7 30. Rg6 Re7 31. Rh1 Rb8 32. Rh4 c4 33. Rhg4 Rbb7 34. Bb4 d3 35. cxd3 Nd6 36. Bxd6 Rxb3+ 37. Kc2 Kxd6 38. dxc4 Reb7 39. e5+ Kc5 40. Rxe6 Rb2+ 41. Kd3 R7b3+ 42. Ke4 a5 43. Ra6 Kb4 44. Kf5 Re2 45. c5+ Kb5 46. Rb6+ Kxc5 47. Rxb3 Kd5 48. Ra3 Rxe5+ 49. Kg6 Ke6 50. Kxg7 Rxh5 51. Rg6+ Ke7 52. Rxh6 Rg5+ 53. Rg6 Rb5 54. Re3+ Kd7 55. f4 a4 56. g4 Kc7 57. f5 Rb3 58. Rxb3 axb3 59. Rh6 b2 60. Rh1 Kc6 61. Rb1 Kd5 62. f6 Ke5 63. f7 1-0

[Event "Titled Tuesday intern op 21st Dec"]
[Site "Chess.com INT"]
[Date "2021.12.21"]
[Round "1"]
[White "Kalashian, David"]
[Black "Chandratreya, Prachiti"]
[Result "1-0"]
[WhiteElo "2398"]
[BlackElo "1998"]
[PlyCount "69"]
[EventDate "2021.12.21"]
[EventType "swiss (blitz)"]
[EventRounds "11"]
[EventCountry "USA"]
[SourceTitle "CBM 205 Extra"]
[Source "ChessBase"]
[SourceDate "2022.01.31"]
[SourceVersion "1"]
[SourceVersionDate "2022.01.31"]
[SourceQuality "1"]

1. e4 e6 2. d4 d5 3. Nd2 Nc6 4. Ngf3 Nf6 5. e5 Nd7 6. Be2 f6 7. exf6 Qxf6 8. Nf1 Bd6 9. Bg5 Qf7 10. Ne3 O-O 11. O-O Nb6 12. Bh4 h6 13. Bg3 Bd7 14. b3 Rae8 15. c4 Bxg3 16. fxg3 Qe7 17. c5 Nc8 18. Ng4 b6 19. Rc1 bxc5 20. Rxc5 Nd6 21. Nge5 Nxe5 22. Nxe5 Rxf1+ 23. Bxf1 Bc8 24. Bd3 Ne4 25. Bxe4 dxe4 26. h4 Qd6 27. Rc6 Qe7 28. Qc2 Qd8 29. Rc4 Bb7 30. Kh2 Qd5 31. Rxc7 e3 32. Nf3 Rf8 33. Qg6 Qxd4 34. Nxd4 e2 35. Qxg7# 1-0

[Event "Titled Tuesday intern op 21st Dec"]
[Site "Chess.com INT"]
[Date "2021.12.21"]
[Round "1"]
[White "Karacsonyi, Gellert"]
[Black "Rodchenkov, Vitaly"]
[Result "1/2-1/2"]
[WhiteElo "2348"]
[BlackElo "2330"]
[PlyCount "155"]
[EventDate "2021.12.21"]
[EventType "swiss (blitz)"]
[EventRounds "11"]
[EventCountry "USA"]
[SourceTitle "CBM 205 Extra"]
[Source "ChessBase"]
[SourceDate "2022.01.31"]
[SourceVersion "1"]
[SourceVersionDate "2022.01.31"]
[SourceQuality "1"]

1. e4 c5 2. Nf3 d6 3. d4 cxd4 4. Nxd4 Nf6 5. Nc3 a6 6. Bc4 e6 7. O-O b5 8. Bb3 Be7 9. Qf3 Qc7 10. Qg3 g6 11. Re1 Bb7 12. a3 Nc6 13. Be3 O-O 14. Nxc6 Bxc6 15. f3 Rac8 16. Rad1 a5 17. Qf2 b4 18. axb4 axb4 19. Ne2 d5 20. Bf4 Qb7 21. e5 Nh5 22. Bh6 Rfd8 23. g4 Ng7 24. Nd4 Bc5 25. Be3 Bb5 26. Kg2 Qb6 27. h4 Bc4 28. Kg3 Bxb3 29. cxb3 h5 30. Qe2 Rd7 31. Qd3 Qb8 32. Bf2 Bxd4 33. Bxd4 Rdc7 34. Qe3 Rc2 35. Rd2 Rxd2 36. Qxd2 Qb5 37. Qe2 Qc6 38. Ra1 Ra8 39. Rd1 Rc8 40. Qd2 Qb5 41. Ra1 Kh7 42. Kf2 Kg8 43. Ra4 Rb8 44. Qe2 Qc6 45. Ra6 Qc1 46. Be3 Qh1 47. Kg3 hxg4 48. fxg4 Qe4 49. Qf3 Qxe5+ 50. Bf4 Qe1+ 51. Qf2 Qxf2+ 52. Kxf2 Rc8 53. Rb6 f5 54. Rxb4 fxg4 55. Be5 Nf5 56. Rxg4 Kf7 57. Rb4 Rc2+ 58. Kf3 d4 59. Bxd4 Nxd4+ 60. Rxd4 Rxb2 61. Rb4 Kf6 62. Rb8 Ke5 63. b4 Kf5 64. b5 Rb3+ 65. Ke2 Kg4 66. b6 Kxh4 67. b7 Kg4 68. Kd2 g5 69. Kc2 Rb6 70. Kc3 Kg3 71. Kd4 g4 72. Ke5 Kg2 73. Rg8 Rxb7 74. Rxg4+ Kf2 75. Kxe6 Rb5 76. Rf4+ Ke3 77. Rf5 Rxf5 78. Kxf5 1/2-1/2

[Event "Titled Tuesday intern op 21st Dec"]
[Site "Chess.com INT"]
[Date "2021.12.21"]
[Round "1"]
[White "Kazancev, Valerij M"]
[Black "Jacobson, Brandon"]
[Result "0-1"]
[WhiteElo "2313"]
[BlackElo "2530"]
[PlyCount "58"]
[EventDate "2021.12.21"]
[EventType "swiss (blitz)"]
[EventRounds "11"]
[EventCountry "USA"]
[SourceTitle "CBM 205 Extra"]
[Source "ChessBase"]
[SourceDate "2022.01.31"]
[SourceVersion "1"]
[SourceVersionDate "2022.01.31"]
[SourceQuality "1"]

1. c4 e5 2. Nc3 Nf6 3. g3 Bb4 4. Bg2 O-O 5. e4 Nc6 6. Nge2 Bc5 7. O-O a6 8. a3 d6 9. h3 b5 10. d3 bxc4 11. dxc4 a5 12. b3 Rb8 13. Nd5 h6 14. Nec3 Nd4 15. Rb1 Nh7 16. b4 axb4 17. axb4 Ba7 18. Ra1 Rb7 19. Ne3 Ne6 20. Nb5 Bb6 21. Ra8 Nd4 22. Nc3 c6 23. Qa4 Qc7 24. Bd2 Bd7 25. Ra1 Bxh3 26. Rxf8+ Nxf8 27. Bxh3 Nf3+ 28. Kg2 Nxd2 29. Qd1 Bxe3 0-1

[Event "Titled Tuesday intern op 21st Dec"]
[Site "Chess.com INT"]
[Date "2021.12.21"]
[Round "1"]
[White "Kekic, Armin"]
[Black "Belyakov, Bogdan"]
[Result "1-0"]
[WhiteElo "2164"]
[BlackElo "2444"]
[PlyCount "101"]
[EventDate "2021.12.21"]
[EventType "swiss (blitz)"]
[EventRounds "11"]
[EventCountry "USA"]
[SourceTitle "CBM 205 Extra"]
[Source "ChessBase"]
[SourceDate "2022.01.31"]
[SourceVersion "1"]
[SourceVersionDate "2022.01.31"]
[SourceQuality "1"]

1. e4 e5 2. Nf3 Nc6 3. Bb5 Nf6 4. O-O Nxe4 5. d4 Nd6 6. Bxc6 dxc6 7. dxe5 Nf5 8. Qxd8+ Kxd8 9. Nc3 Ke8 10. h3 h5 11. Bg5 Be6 12. Rad1 Be7 13. Bxe7 Kxe7 14. Nd4 Rad8 15. Nxe6 Kxe6 16. f4 Ne3 17. Rxd8 Rxd8 18. Rf2 h4 19. Re2 Nf5 20. Ne4 Rd1+ 21. Kf2 b6 22. c3 Rb1 23. Rd2 a5 24. a3 a4 25. Ke2 f6 26. exf6 gxf6 27. Kd3 Rf1 28. Rf2 Rd1+ 29. Ke2 Rb1 30. Kf3 c5 31. Re2 Kf7 32. Kg4 Kg6 33. Kf3 Rg1 34. Rd2 Re1 35. Re2 Rb1 36. Rd2 Rf1+ 37. Rf2 Rxf2+ 38. Kxf2 Nd6 39. Nxd6 cxd6 40. c4 Kf5 41. Kf3 Ke6 42. g4 hxg3 43. Kxg3 d5 44. cxd5+ Kxd5 45. Kf3 b5 46. Ke3 b4 47. h4 c4 48. axb4 c3 49. Kd3 cxb2 50. Kc2 a3 51. h5 1-0

[Event "Titled Tuesday intern op 21st Dec"]
[Site "Chess.com INT"]
[Date "2021.12.21"]
[Round "1"]
[White "Korchmar, Vasiliy"]
[Black "Manukian, Artak"]
[Result "1-0"]
[WhiteElo "2450"]
[BlackElo "2196"]
[PlyCount "41"]
[EventDate "2021.12.21"]
[EventType "swiss (blitz)"]
[EventRounds "11"]
[EventCountry "USA"]
[SourceTitle "CBM 205 Extra"]
[Source "ChessBase"]
[SourceDate "2022.01.31"]
[SourceVersion "1"]
[SourceVersionDate "2022.01.31"]
[SourceQuality "1"]

1. e4 c6 2. d4 d5 3. e5 Bf5 4. c4 e6 5. Nc3 h6 6. Nge2 Ne7 7. Ng3 Bh7 8. Bd3 Bxd3 9. Qxd3 dxc4 10. Qxc4 Nd7 11. O-O Nb6 12. Qd3 Ned5 13. f4 g6 14. Nge4 Be7 15. Bd2 O-O 16. g4 Kh7 17. f5 Bg5 18. Bxg5 hxg5 19. Qh3+ Kg8 20. f6 Nxf6 21. Nxf6+ 1-0

[Event "Titled Tuesday intern op 21st Dec"]
[Site "Chess.com INT"]
[Date "2021.12.21"]
[Round "1"]
[White "Koutlas, Nikolaos"]
[Black "Makhmudov, Shukhrat"]
[Result "1-0"]
[WhiteElo "2266"]
[BlackElo "2115"]
[PlyCount "39"]
[EventDate "2021.12.21"]
[EventType "swiss (blitz)"]
[EventRounds "11"]
[EventCountry "USA"]
[SourceTitle "CBM 205 Extra"]
[Source "ChessBase"]
[SourceDate "2022.01.31"]
[SourceVersion "1"]
[SourceVersionDate "2022.01.31"]
[SourceQuality "1"]

1. Nf3 Nf6 2. c4 e6 3. b3 d5 4. Bb2 Be7 5. e3 O-O 6. Nc3 c6 7. Qc2 Nbd7 8. g4 Nxg4 9. Rg1 Nge5 10. Be2 Nxf3+ 11. Bxf3 Ne5 12. Be2 Bf6 13. O-O-O dxc4 14. Ne4 Kh8 15. Nxf6 gxf6 16. bxc4 Bd7 17. Qc3 Be8 18. f4 Nd7 19. e4 e5 20. Qg3 1-0